[Event "Zalakaros op 30th"]
[Site "Zalakaros"]
[Date "2011.05.28"]
[Round "9"]
[White "Horvath, Viktoria"]
[Black "Porubszky Angyalosine, Maria A"]
[Result "1-0"]
[WhiteElo "2013"]
[BlackElo "2045"]
[PlyCount "65"]
[EventDate "2011.05.20"]
[EventType "swiss"]
[EventRounds "9"]
[EventCountry "HUN"]
[SourceTitle "CBM 142 Extra"]
[Source "ChessBase"]
[SourceDate "2011.06.27"]
[SourceVersion "1"]
[SourceVersionDate "2011.06.27"]
[SourceQuality "1"]

1. e4 c5 2. d4 cxd4 3. c3 Nf6 4. e5 Nd5 5. cxd4 e6 6. Nc3 Nxc3 7. bxc3 d5 8. f4 Nc6 9. Nf3 Be7 10. Bd3 Bd7 11. 0-0 Na5 12. Qc2 g6 13. g4 Rc8 14. f5 gxf5 15. gxf5 exf5 16. e6 fxe6 17. Qe2 0-0 18. Kh1 Nc6 19. Bh6 Rf6 20. Rg1+ Rg6 21. Bb5 Bf6 22. Bxc6 Rxc6 23. Ne5 Bxe5 24. Qxe5 Qe7 25. Raf1 Qf7 26. Rxg6+ hxg6 27. Rf4 Rxc3 28. Rh4 Qh7 29. Bg5 Rc1+ 30. Kg2 Rc2+ 31. Kg1 Rc1+ 32. Kf2 Rc2+ 33. Ke1 1-0

[Event "Zalakaros op 30th"]
[Site "Zalakaros"]
[Date "2011.05.27"]
[Round "8"]
[White "Porubszky Angyalosine, Maria A"]
[Black "Boguszlavszkij, Jevgenyij"]
[Result "1-0"]
[WhiteElo "2045"]
[BlackElo "2232"]
[PlyCount "89"]
[EventDate "2011.05.20"]
[EventType "swiss"]
[EventRounds "9"]
[EventCountry "HUN"]
[SourceTitle "CBM 142 Extra"]
[Source "ChessBase"]
[SourceDate "2011.06.27"]
[SourceVersion "1"]
[SourceVersionDate "2011.06.27"]
[SourceQuality "1"]

1. e4 g6 2. d4 Bg7 3. Nc3 c6 4. g3 d5 5. exd5 cxd5 6. Bg2 Nf6 7. Nge2 0-0 8. 0-0 Nc6 9. Bg5 e6 10. Qd2 Re8 11. Rad1 Qa5 12. a4 Qb4 13. b3 Qf8 14. Nb5 Rd8 15. h3 h6 16. Be3 a6 17. Nbc3 b6 18. Kh2 Bb7 19. g4 Ne8 20. f4 f5 21. Ng3 Ne7 22. gxf5 exf5 23. Nh1 Rac8 24. Nf2 Rc7 25. Ne2 Rdc8 26. Rc1 Nf6 27. Nd3 a5 28. Ne5 Qe8 29. Ng3 Ba6 30. Rfe1 b5 31. Qxa5 Bb7 32. Qxb5 Qxb5 33. axb5 Rxc2 34. Rxc2 Rxc2 35. Rc1 Rxc1 36. Bxc1 Kh7 37. Ba3 Nc8 38. Bc5 Ne8 39. Nc6 Ncd6 40. Bf1 g5 41. fxg5 f4 42. Bd3+ Kg8 43. Nf5 Nxf5 44. Bxf5 hxg5 45. Nd8 1-0

[Event "HUN-chT 1011"]
[Site "Hungary"]
[Date "2011.04.10"]
[Round "8"]
[White "Porubszky Angyalosine, Maria A"]
[Black "Krutti, Valer"]
[Result "0-1"]
[WhiteElo "2078"]
[BlackElo "2380"]
[PlyCount "188"]
[EventDate "2010.10.10"]
[EventType "team-tourn"]
[EventRounds "11"]
[EventCountry "HUN"]
[SourceTitle "EXT 2012"]
[Source "ChessBase"]
[SourceDate "2011.11.24"]
[SourceVersion "1"]
[SourceVersionDate "2011.11.24"]
[SourceQuality "1"]
[WhiteTeam "Csuti"]
[BlackTeam "Aquaprofit"]
[WhiteTeamCountry "HUN"]
[BlackTeamCountry "HUN"]

1. e4 d5 2. exd5 Qxd5 3. Nc3 Qd6 4. d4 Nf6 5. Nf3 Bg4 6. h3 Bf5 7. Bd3 Bxd3 8. Qxd3 c6 9. Ne5 e6 10. 0-0 Qc7 11. Re1 Nbd7 12. Bd2 Rd8 13. Qe2 Nb6 14. Be3 Be7 15. Rad1 0-0 16. a3 Nbd5 17. Nxd5 cxd5 18. Rd3 Ne4 19. f3 Ng3 20. Qd2 Nf5 21. Bf2 Rc8 22. Re2 Bd6 23. Rc3 Qe7 24. Rxc8 Rxc8 25. c3 Qc7 26. Re1 a6 27. Qe2 Bxe5 28. dxe5 Qc4 29. Qxc4 Rxc4 30. Rd1 b5 31. Kf1 h5 32. g4 hxg4 33. hxg4 Ne7 34. Rd4 Rc8 35. Rd1 Rc4 36. Rd4 Ng6 37. Bg3 Ne7 38. Ke2 Rc8 39. Rd1 Nc6 40. Ra1 Rb8 41. Kd3 Kh7 42. Rh1+ Kg6 43. f4 Rd8 44. Bf2 Rc8 45. Bb6 f6 46. exf6 gxf6 47. Be3 Rg8 48. Ke2 Kg7 49. Rh5 Rh8 50. Rxh8 Kxh8 51. Kf3 Kg7 52. Bd4 Kf7 53. Bc5 Na5 54. Be3 Nc4 55. Bc1 e5 56. f5 e4+ 57. Ke2 Ke8 58. b3 Na5 59. b4 Nc4 60. Kf2 Kd7 61. Kg3 Kd6 62. Kf4 Ke7 63. Kg3 Kf7 64. Kf4 Kg7 65. Kg3 Kh7 66. Kf2 Kg7 67. Kg3 Kf7 68. Kf2 Ne5 69. Kg3 Nd3 70. Bd2 Ke7 71. Kg2 Ne5 72. Kg3 Nc4 73. Bc1 a5 74. bxa5 Nxa5 75. Be3 Kf7 76. Bc5 Nc4 77. Kf2 Ne5 78. Bb4 Nd3+ 79. Ke3 Nxb4 80. axb4 Kg7 81. Kf2 Kh6 82. Kg2 Kg5 83. Kg3 e3 84. Kf3 e2 85. Kxe2 Kxg4 86. Ke3 Kxf5 87. Kd4 Ke6 88. Kc5 f5 89. Kxb5 f4 90. Kc6 f3 91. b5 f2 92. b6 f1Q 93. b7 Qc4+ 94. Kb6 Qxc3 0-1

[Event "HUN-chT2 Szechenyi 0910"]
[Site "Hungary"]
[Date "2010.04.18"]
[Round "10.2"]
[White "Paksa, Rudolf"]
[Black "Porubszky Angyalosine, Maria A"]
[Result "1/2-1/2"]
[WhiteElo "2214"]
[BlackElo "2107"]
[PlyCount "65"]
[EventDate "2009.11.08"]
[EventType "team-tourn"]
[EventRounds "11"]
[EventCountry "HUN"]
[SourceTitle "EXT 2011"]
[Source "ChessBase"]
[SourceDate "2010.11.26"]
[SourceVersion "1"]
[SourceVersionDate "2010.11.26"]
[SourceQuality "1"]
[WhiteTeam "Ajka Banyasz"]
[BlackTeam "Baki Agrocentrum"]
[WhiteTeamCountry "HUN"]
[BlackTeamCountry "HUN"]

1. e4 c5 2. Nf3 e6 3. d4 cxd4 4. Nxd4 Qb6 5. Nb3 Qc7 6. Bd3 Nf6 7. 0-0 d5 8. Nc3 dxe4 9. Nxe4 Nxe4 10. Bxe4 Be7 11. Be3 0-0 12. Qh5 f5 13. Bd3 e5 14. f3 Be6 15. Rfe1 Nd7 16. Bg5 g6 17. Qh4 Bxg5 18. Qxg5 Rfe8 19. Rad1 Rad8 20. Kh1 a6 21. h4 Kg7 22. h5 Nf6 23. h6+ Kf7 24. c3 Nd5 25. Bc2 b5 26. a3 Nb6 27. Rxd8 Rxd8 28. Rxe5 Qxe5 29. Qxd8 Qe1+ 30. Kh2 Qe5+ 31. Kg1 Qe1+ 32. Kh2 Qe5+ 33. Kg1 1/2-1/2

[Event "HUN-chT2 Charousek 0910"]
[Site "Hungary"]
[Date "2010.02.28"]
[Round "7"]
[White "Porubszky Angyalosine, Maria A"]
[Black "Teglas, Balazs"]
[Result "1/2-1/2"]
[WhiteElo "2107"]
[BlackElo "2172"]
[PlyCount "67"]
[EventDate "2009.11.08"]
[EventType "team-tourn"]
[EventRounds "11"]
[EventCountry "HUN"]
[SourceTitle "EXT 2011"]
[Source "ChessBase"]
[SourceDate "2010.11.26"]
[SourceVersion "1"]
[SourceVersionDate "2010.11.26"]
[SourceQuality "1"]
[WhiteTeam "Csuti II"]
[BlackTeam "Hobagoly"]
[WhiteTeamCountry "HUN"]
[BlackTeamCountry "HUN"]

1. e4 c5 2. Nf3 g6 3. c4 Bg7 4. d4 cxd4 5. Nxd4 Nf6 6. Nc3 d6 7. Be2 Nc6 8. Be3 0-0 9. 0-0 Bd7 10. Rc1 Rc8 11. Nxc6 Bxc6 12. f3 Qa5 13. Qd2 Rfe8 14. Rfd1 a6 15. b3 Nd7 16. Nd5 Qxd2 17. Rxd2 Bxd5 18. Rxd5 Bb2 19. Rb1 Bg7 20. Kf2 Bf8 21. Rd2 Nf6 22. g4 Nd7 23. f4 Nc5 24. Bf3 e5 25. f5 b5 26. Rc1 b4 27. Rd5 Rc6 28. Rcd1 Rec8 29. Bxc5 Rxc5 30. Rxc5 Rxc5 31. Rd5 Be7 32. Ke2 Kg7 33. fxg6 fxg6 34. Rxc5 1/2-1/2

[Event "Zalakaros op 28th"]
[Site "Zalakaros"]
[Date "2009.05.08"]
[Round "1"]
[White "Duong, The Anh"]
[Black "Porubszky Angyalosine, Maria A"]
[Result "1-0"]
[WhiteElo "2434"]
[BlackElo "2146"]
[PlyCount "76"]
[EventDate "2009.05.08"]
[EventType "swiss"]
[EventRounds "9"]
[EventCountry "HUN"]
[SourceTitle "CBM 130 Extra"]
[Source "ChessBase"]
[SourceDate "2009.07.02"]
[SourceVersion "2"]
[SourceVersionDate "2009.07.15"]
[SourceQuality "1"]

1. d4 d5 2. Nf3 Nf6 3. c4 e6 4. Nc3 c6 5. Bg5 Be7 6. e3 Nbd7 7. Qc2 0-0 8. Rd1 Re8 9. a3 Qa5 10. Bd3 dxc4 11. Bxc4 c5 12. 0-0 a6 13. Ba2 cxd4 14. exd4 Qc7 15. Qd2 Nb6 16. Bxf6 Bxf6 17. Ne4 Be7 18. Ne5 Nd5 19. Qd3 f6 20. Rc1 Qd8 21. Nf3 Bd7 22. Rfe1 Rc8 23. Nc5 Bxc5 24. dxc5 Bb5 25. Qe4 Bc6 26. Nd4 Qd7 27. Qg4 f5 28. Qg3 Rcd8 29. Qe5 Kf7 30. h3 g6 31. Nf3 h6 32. Qg3 Kf6 33. Ne5 Qg7 34. Nc4 f4 35. Qd3 Ke7 36. Ne5 g5 37. Nxc6+ bxc6 38. Qxa6 Qxb2 1-0

[Event "HUN-chT2 Charousek 0809"]
[Site "Hungary"]
[Date "2008.11.30"]
[Round "3"]
[White "Porubszky Angyalosine, Maria A"]
[Black "Ravasz, Laszlo"]
[Result "1-0"]
[WhiteElo "2147"]
[BlackElo "2103"]
[PlyCount "119"]
[EventDate "2008.10.26"]
[EventType "team-tourn"]
[EventRounds "11"]
[EventCountry "HUN"]
[SourceTitle "EXT 2010"]
[Source "ChessBase"]
[SourceDate "2010.11.25"]
[SourceVersion "1"]
[SourceVersionDate "2010.11.25"]
[SourceQuality "1"]
[WhiteTeam "Csuti II"]
[BlackTeam "Barcza"]
[WhiteTeamCountry "HUN"]
[BlackTeamCountry "HUN"]

1. e4 g6 2. d4 Bg7 3. Nc3 c6 4. g3 d6 5. Bg2 e5 6. Nge2 Nf6 7. 0-0 0-0 8. h3 Be6 9. Be3 Bc4 10. Re1 Re8 11. Qd2 Nbd7 12. Rad1 Qa5 13. b3 Bxe2 14. Rxe2 Rad8 15. a4 Qc7 16. f4 Nh5 17. Kh2 Ndf6 18. Bf3 Bh6 19. Bxh5 Nxh5 20. fxe5 Bxe3 21. Qxe3 dxe5 22. d5 a6 23. Rf2 Rf8 24. Qc5 Rd6 25. Rdf1 Kg7 26. Ne2 f5 27. exf5 Rxd5 28. Qe3 Qe7 29. g4 Nf6 30. g5 gxf5 31. gxf6+ Qxf6 32. Ng3 f4 33. Nh5+ Kh8 34. Nxf6 fxe3 35. Nxd5 exf2 36. Ne3 Rf3 37. Ng4 h5 38. Nxf2 Kg7 39. Kg2 Rc3 40. Rc1 a5 41. Ne4 Re3 42. Ng3 Kg6 43. Kf2 Rc3 44. h4 b5 45. axb5 cxb5 46. Ne4 Rh3 47. Rg1+ Kf5 48. Nd6+ Kf4 49. Nxb5 e4 50. Rg2 Rxh4 51. Ke2 Rh3 52. Nd4 h4 53. Rf2+ Kg4 54. Rf5 Rh2+ 55. Ke3 Rh1 56. Rf4+ Kg5 57. Rxe4 h3 58. Nf3+ Kf6 59. Rh4 Ke7 60. Rh5 1-0

[Event "HUN-chT2 Charousek 0708"]
[Site "Hungary"]
[Date "2008.02.17"]
[Round "6"]
[White "Neber, Akos"]
[Black "Porubszky Angyalosine, Maria A"]
[Result "1-0"]
[WhiteElo "2191"]
[BlackElo "2119"]
[PlyCount "63"]
[EventDate "2007.10.14"]
[EventType "team"]
[EventRounds "11"]
[EventCountry "HUN"]
[SourceTitle "EXT 2009"]
[Source "ChessBase"]
[SourceDate "2008.11.26"]
[SourceVersion "1"]
[SourceVersionDate "2008.11.26"]
[SourceQuality "1"]
[WhiteTeam "Szenna Pack"]
[BlackTeam "Csuti II"]
[WhiteTeamCountry "HUN"]
[BlackTeamCountry "HUN"]

1. e4 c5 2. Nc3 e6 3. f4 d5 4. e5 Nc6 5. Nf3 Nge7 6. g3 g6 7. Bg2 Bg7 8. d3 0-0 9. 0-0 a6 10. a4 Rb8 11. Ne2 b5 12. axb5 axb5 13. d4 Qb6 14. Be3 c4 15. g4 Bd7 16. Ng3 b4 17. Qd2 Ra8 18. Nh4 Rxa1 19. Rxa1 Bh6 20. Rd1 Rc8 21. c3 bxc3 22. bxc3 Qb3 23. Rf1 Ra8 24. f5 Ra2 25. Qe1 Bxe3+ 26. Qxe3 exf5 27. gxf5 Bxf5 28. Ngxf5 gxf5 29. Bxd5 Qc2 30. Qg3+ Kf8 31. Bxc6 f4 32. Qxf4 1-0

[Event "HUN-chT2 Charousek 0607"]
[Site "Hungary"]
[Date "2007.05.06"]
[Round "10"]
[White "Szuliman, Gyula"]
[Black "Porubszky Angyalosine, Maria A"]
[Result "1/2-1/2"]
[WhiteElo "2119"]
[BlackElo "2138"]
[PlyCount "114"]
[EventDate "2006.11.12"]
[EventType "team"]
[EventRounds "11"]
[EventCountry "HUN"]
[SourceTitle "EXT 2008"]
[Source "ChessBase"]
[SourceDate "2007.11.25"]
[SourceVersion "1"]
[SourceVersionDate "2007.11.25"]
[SourceQuality "1"]
[WhiteTeam "Szenna Pack"]
[BlackTeam "Csuti II"]
[WhiteTeamCountry "HUN"]
[BlackTeamCountry "HUN"]

1. e4 c5 2. Nf3 e6 3. d4 cxd4 4. Nxd4 a6 5. Be2 Nf6 6. e5 Qa5+ 7. Nc3 Qxe5 8. Nf3 Qc7 9. Bg5 Be7 10. 0-0 Nc6 11. Bxf6 Bxf6 12. Ne4 Be7 13. c4 b6 14. Qd2 f5 15. Ng3 0-0 16. Rfd1 h6 17. a3 Kh7 18. Nh5 g6 19. Ng3 Bf6 20. Rab1 a5 21. b4 axb4 22. axb4 Ra3 23. b5 Ne7 24. Qd6 Qa7 25. Ne5 Kg7 26. c5 bxc5 27. b6 Qb7 28. Qxc5 Ra8 29. Nc4 Rb8 30. Na5 Qa8 31. Qc7 Bb7 32. Ra1 Bxa1 33. Rxa1 Bd5 34. Qe5+ Kf7 35. b7 Qa7 36. Nc4 Qc5 37. Nd6+ Kg8 38. Nh5 gxh5 39. Bxh5 Kh7 40. Nf7 Rg8 41. Qf4 Rxg2+ 42. Kf1 Qxf2+ 43. Qxf2 Rxf2+ 44. Kxf2 Rxb7 45. Rg1 Rb2+ 46. Kg3 Nc6 47. Nd6 Nd4 48. Ne8 Bc6 49. Kh3 Rb3+ 50. Kh4 Rb8 51. Nf6+ Kh8 52. Rg6 Nf3+ 53. Bxf3 Bxf3 54. Nxd7 Rb4+ 55. Kh3 Bg4+ 56. Kg3 Rd4 57. Nf6 Rd8 1/2-1/2

[Event "HUN-chT2 Charousek 0607"]
[Site "Hungary"]
[Date "2006.12.17"]
[Round "4"]
[White "Veszpremi, Andras"]
[Black "Porubszky Angyalosine, Maria A"]
[Result "1/2-1/2"]
[WhiteElo "2127"]
[BlackElo "2138"]
[PlyCount "52"]
[EventDate "2006.11.12"]
[EventType "team"]
[EventRounds "11"]
[EventCountry "HUN"]
[SourceTitle "EXT 2008"]
[Source "ChessBase"]
[SourceDate "2007.11.25"]
[SourceVersion "1"]
[SourceVersionDate "2007.11.25"]
[SourceQuality "1"]
[WhiteTeam "Decs"]
[BlackTeam "Csuti II"]
[WhiteTeamCountry "HUN"]
[BlackTeamCountry "HUN"]

1. e4 c5 2. Nf3 a6 3. Nc3 Nc6 4. d4 cxd4 5. Nxd4 e6 6. g3 Qc7 7. Nb3 b5 8. Bg2 Bb7 9. 0-0 Nf6 10. Re1 d6 11. a4 b4 12. Ne2 Be7 13. Ned4 0-0 14. Bg5 Ne5 15. Nd2 Rac8 16. Rc1 h6 17. Bxf6 Bxf6 18. Nf1 Nc4 19. b3 Na5 20. Ne3 Rfd8 21. Kh1 Qc5 22. Ne2 Bg5 23. Qd4 Bxe3 24. fxe3 e5 25. Qd3 Qb6 26. Rf1 Rc7 1/2-1/2

[Event "Zalakaros op 25th"]
[Site "Zalakaros"]
[Date "2006.05.19"]
[Round "1"]
[White "Porubszky Angyalosine, Maria A"]
[Black "Almasi, Istvan"]
[Result "0-1"]
[WhiteElo "2172"]
[BlackElo "2440"]
[PlyCount "48"]
[EventDate "2006.05.19"]
[EventType "swiss"]
[EventRounds "9"]
[EventCountry "HUN"]
[SourceTitle "EXT 2007"]
[Source "ChessBase"]
[SourceDate "2006.11.23"]
[SourceVersion "1"]
[SourceVersionDate "2006.11.23"]
[SourceQuality "1"]

1. e4 d6 2. d4 g6 3. g3 Bg7 4. Bg2 c5 5. dxc5 Qa5+ 6. Nd2 Qxc5 7. Ne2 Nf6 8. 0-0 h5 9. Nb3 Qc7 10. Nc3 Bg4 11. Qd3 h4 12. Bg5 hxg3 13. hxg3 Qc8 14. f3 Bh3 15. Rf2 Nc6 16. Rd1 Bxg2 17. Rxg2 Rh5 18. Bf4 Ne5 19. Bxe5 Rxe5 20. f4 Rh5 21. Qe2 Qh3 22. g4 Rh4 23. Rd3 Qh1+ 24. Kf2 Nxg4+ 0-1

[Event "HUN-chT2 Charousek 0506"]
[Site "Hungary"]
[Date "2006.01.22"]
[Round "6"]
[White "Porubszky Angyalosine, Maria A"]
[Black "Smaraglay, Botond"]
[Result "0-1"]
[WhiteElo "2172"]
[BlackElo "2068"]
[PlyCount "118"]
[EventDate "2005.10.16"]
[EventType "team"]
[EventRounds "11"]
[EventCountry "HUN"]
[SourceTitle "EXT 2009"]
[Source "ChessBase"]
[SourceDate "2008.11.26"]
[SourceVersion "1"]
[SourceVersionDate "2008.11.26"]
[SourceQuality "1"]
[WhiteTeam "Csuti II"]
[BlackTeam "Husi"]
[WhiteTeamCountry "HUN"]
[BlackTeamCountry "HUN"]

1. e4 c5 2. Nf3 Nc6 3. Bb5 a6 4. Bxc6 bxc6 5. 0-0 Nf6 6. d3 g6 7. e5 Nd5 8. c4 Nc7 9. Nc3 Bg7 10. Ne4 Ne6 11. Be3 Qc7 12. Nxc5 Bxe5 13. Nxe5 Qxe5 14. d4 Qc7 15. Nb3 d5 16. cxd5 cxd5 17. Rc1 Qd6 18. Bh6 Bd7 19. Nc5 Nxc5 20. dxc5 Qc6 21. Re1 f6 22. Qe2 e5 23. Qf3 Ke7 24. Rcd1 e4 25. Qc3 Kf7 26. Bf4 Rac8 27. Bd6 Qb7 28. f3 Rhe8 29. fxe4 Rxe4 30. Rxe4 dxe4 31. Rf1 f5 32. Qh3 Qxb2 33. Qxh7+ Qg7 34. Qh3 Qd4+ 35. Kh1 Kg7 36. Qg3 Re8 37. Re1 e3 38. h3 Re4 39. Qg5 Qd2 40. Bg3 Bc6 41. Rg1 Qd4 42. Be1 Qxc5 43. Qd8 e2 44. Qc7+ Kf6 45. Qd8+ Kf7 46. Qh8 Qd4 47. Qc8 Qb6 48. Qh8 Bb7 49. Bc3 f4 50. Qg7+ Ke8 51. Qg8+ Kd7 52. Qf7+ Kc8 53. Qg8+ Kc7 54. Bd2 Qc6 55. Qf7+ Kb8 56. Bxf4+ Ka7 57. Bd2 Qb6 58. Be1 Re3 59. Bf2 Rxh3# 0-1

[Event "HUN-chT2 Charousek 0506"]
[Site "Hungary"]
[Date "2005.11.27"]
[Round "4"]
[White "Nagy, Zoltan"]
[Black "Porubszky Angyalosine, Maria A"]
[Result "1/2-1/2"]
[WhiteElo "2223"]
[BlackElo "2172"]
[PlyCount "21"]
[EventDate "2005.10.16"]
[EventType "team"]
[EventRounds "11"]
[EventCountry "HUN"]
[SourceTitle "EXT 2009"]
[Source "ChessBase"]
[SourceDate "2008.11.26"]
[SourceVersion "1"]
[SourceVersionDate "2008.11.26"]
[SourceQuality "1"]
[WhiteTeam "Tapolca"]
[BlackTeam "Csuti II"]
[WhiteTeamCountry "HUN"]
[BlackTeamCountry "HUN"]

1. b3 e5 2. Bb2 d6 3. e3 Nc6 4. Bb5 Bd7 5. Ne2 a6 6. Bxc6 Bxc6 7. 0-0 g6 8. d4 Bg7 9. c4 Ne7 10. d5 Bd7 11. e4 1/2-1/2

[Event "Zalakaros op 24th"]
[Site "Zalakaros"]
[Date "2005.05.21"]
[Round "2"]
[White "Ianov, Viktor"]
[Black "Porubszky Angyalosine, Maria A"]
[Result "1-0"]
[WhiteElo "2381"]
[BlackElo "2177"]
[PlyCount "79"]
[EventDate "2005.05.20"]
[EventType "swiss"]
[EventRounds "9"]
[EventCountry "HUN"]
[SourceTitle "EXT 2007"]
[Source "ChessBase"]
[SourceDate "2006.11.23"]
[SourceVersion "1"]
[SourceVersionDate "2006.11.23"]
[SourceQuality "1"]

1. Nf3 d5 2. g3 Nf6 3. Bg2 g6 4. c4 c6 5. b3 Bg7 6. Bb2 0-0 7. 0-0 Nbd7 8. d3 Re8 9. Nbd2 e5 10. cxd5 Nxd5 11. Qc2 N7b6 12. a3 Bg4 13. h3 Bxf3 14. Bxf3 Qe7 15. Bg2 Rad8 16. Rac1 Nc7 17. Rfe1 Nb5 18. b4 Nd4 19. Qb1 Bh6 20. e3 Nb5 21. Qc2 a6 22. Ne4 Bg7 23. Nc5 Nd5 24. Qb3 h5 25. a4 Na7 26. h4 Kh7 27. Ba3 Bf8 28. Bb2 Bg7 29. Ba1 Rd6 30. Rc2 f5 31. e4 fxe4 32. Nxe4 Rdd8 33. Ng5+ Kg8 34. d4 Bf6 35. Rce2 Kg7 36. dxe5 Bxg5 37. hxg5 Qxg5 38. e6+ Kh7 39. e7 Rd7 40. Qb2 1-0

[Event "HUN-ch Seniors"]
[Site "Ajka"]
[Date "2005.03.25"]
[Round "2"]
[White "Porubszky Angyalosine, Maria A"]
[Black "Kadas, Gabor"]
[Result "0-1"]
[WhiteElo "2177"]
[BlackElo "2282"]
[PlyCount "55"]
[EventDate "2005.03.24"]
[EventType "swiss"]
[EventRounds "7"]
[EventCountry "HUN"]
[SourceTitle "EXT 2008"]
[Source "ChessBase"]
[SourceDate "2007.11.25"]
[SourceVersion "1"]
[SourceVersionDate "2007.11.25"]
[SourceQuality "1"]

1. e4 d5 2. exd5 Nf6 3. Bb5+ c6 4. dxc6 Nxc6 5. Nc3 e5 6. Nge2 Bc5 7. h3 0-0 8. 0-0 Nd4 9. Nxd4 exd4 10. Ne2 a6 11. Bd3 Bd7 12. c3 Bc6 13. c4 Qd6 14. b3 Rfe8 15. Bb2 a5 16. a4 Re7 17. Ng3 g6 18. Re1 Rae8 19. Rxe7 Rxe7 20. Qf1 Qf4 21. Qd1 h5 22. Ba3 Bxa3 23. Rxa3 h4 24. Nf1 Qg5 25. g3 hxg3 26. fxg3 Qh6 27. Kh2 Qg5 28. Be2 0-1

[Event "HUN-ch Seniors"]
[Site "Ajka"]
[Date "2005.03.24"]
[Round "1"]
[White "Czimer, Jozsef"]
[Black "Porubszky Angyalosine, Maria A"]
[Result "0-1"]
[WhiteElo "1931"]
[BlackElo "2177"]
[PlyCount "52"]
[EventDate "2005.03.24"]
[EventType "swiss"]
[EventRounds "7"]
[EventCountry "HUN"]
[SourceTitle "EXT 2008"]
[Source "ChessBase"]
[SourceDate "2007.11.25"]
[SourceVersion "1"]
[SourceVersionDate "2007.11.25"]
[SourceQuality "1"]

1. Nf3 d5 2. g3 c5 3. Bg2 Nc6 4. 0-0 g6 5. Re1 Nf6 6. d3 Bg7 7. Nbd2 0-0 8. e4 d4 9. a4 Be6 10. Ng5 Bg4 11. f3 Bd7 12. Nc4 h6 13. Nh3 e5 14. Bd2 Be6 15. b3 Kh7 16. f4 Ng4 17. Kh1 exf4 18. Bxf4 Qd7 19. Qe2 Ne3 20. Nf2 Bxc4 21. bxc4 g5 22. Bh3 Qe7 23. Bxe3 dxe3 24. Bf5+ Kg8 25. Ng4 Nd4 26. Nxe3 Nxe2 0-1

[Event "HUN-chT2 Charousek 0405"]
[Site "Hungary"]
[Date "2005.02.06"]
[Round "7"]
[White "Bodnar, Zoltan"]
[Black "Porubszky Angyalosine, Maria A"]
[Result "1/2-1/2"]
[WhiteElo "2185"]
[BlackElo "2177"]
[PlyCount "31"]
[EventDate "2004.09.26"]
[EventType "team"]
[EventRounds "11"]
[EventCountry "HUN"]
[SourceTitle "EXT 2008"]
[Source "ChessBase"]
[SourceDate "2007.11.25"]
[SourceVersion "1"]
[SourceVersionDate "2007.11.25"]
[SourceQuality "1"]
[WhiteTeam "Keszthely"]
[BlackTeam "Csuti II"]
[WhiteTeamCountry "HUN"]
[BlackTeamCountry "HUN"]

1. d4 d5 2. c4 e6 3. Nc3 Be7 4. cxd5 exd5 5. Bf4 c6 6. Qc2 Nf6 7. e3 Nbd7 8. Bd3 0-0 9. Nge2 Re8 10. h3 Nf8 11. g4 Be6 12. 0-0-0 Qa5 13. Qa4 Qxa4 14. Nxa4 Ne4 15. Bxe4 dxe4 16. b3 1/2-1/2

[Event "Zalakaros op 23rd"]
[Site "Zalakaros"]
[Date "2004.05.22"]
[Round "9"]
[White "Porubszky Angyalosine, Maria A"]
[Black "Mede, Istvan"]
[Result "1-0"]
[WhiteElo "2152"]
[BlackElo "2264"]
[PlyCount "67"]
[EventDate "2004.05.14"]
[EventType "swiss"]
[EventRounds "9"]
[EventCountry "HUN"]
[SourceTitle "EXT 2008"]
[Source "ChessBase"]
[SourceDate "2007.11.25"]
[SourceVersion "1"]
[SourceVersionDate "2007.11.25"]
[SourceQuality "1"]

1. e4 c5 2. Nf3 Nc6 3. Bb5 g6 4. 0-0 Bg7 5. Re1 Nf6 6. c3 0-0 7. d4 cxd4 8. cxd4 d6 9. h3 Ne8 10. Nc3 a6 11. Bf1 Nc7 12. d5 Na7 13. a4 a5 14. Be3 Bd7 15. Bb6 Nc8 16. Bd4 e5 17. dxe6 Nxe6 18. Bxg7 Kxg7 19. Qd2 Bc6 20. Rad1 Nb6 21. Nd4 Nxd4 22. Qxd4+ Kg8 23. Bb5 Rc8 24. b3 Bd7 25. Bxd7 Nxd7 26. Nb5 Nc5 27. Nxd6 Rc6 28. e5 Ne6 29. Qe3 Qb6 30. Qh6 f6 31. exf6 Rxf6 32. Ne4 Rf7 33. Rd7 Nd8 34. Nf6+ 1-0

[Event "Zalakaros op 23rd"]
[Site "Zalakaros"]
[Date "2004.05.17"]
[Round "4"]
[White "Boguszlavszkij, Jevgenyij"]
[Black "Porubszky Angyalosine, Maria A"]
[Result "1-0"]
[WhiteElo "2276"]
[BlackElo "2152"]
[PlyCount "87"]
[EventDate "2004.05.14"]
[EventType "swiss"]
[EventRounds "9"]
[EventCountry "HUN"]
[SourceTitle "EXT 2008"]
[Source "ChessBase"]
[SourceDate "2007.11.25"]
[SourceVersion "1"]
[SourceVersionDate "2007.11.25"]
[SourceQuality "1"]

1. d4 Nf6 2. Nc3 d5 3. Bg5 Nbd7 4. g3 c6 5. Nf3 h6 6. Bf4 e6 7. Bg2 Be7 8. 0-0 0-0 9. Re1 Re8 10. e4 dxe4 11. Nxe4 Nxe4 12. Rxe4 Nf6 13. Re1 Nd5 14. Bc1 a5 15. Ne5 Bf6 16. Qh5 Bxe5 17. dxe5 Qe7 18. c4 Qb4 19. Qe2 Ne7 20. a3 Qb6 21. Be3 Qc7 22. Bc5 Nf5 23. Rad1 b6 24. Bd6 Nxd6 25. exd6 Qd7 26. Qe3 Ra6 27. c5 bxc5 28. Qxc5 Bb7 29. f4 Rd8 30. f5 Bc8 31. fxe6 fxe6 32. Kh1 Qf7 33. Rf1 Qd7 34. Be4 Qe8 35. Rf2 Bd7 36. Rdf1 Raa8 37. Qe5 Rab8 38. Bd3 c5 39. Kg1 Bc6 40. Bc4 Bd7 41. Qe4 Bb5 42. d7 Bxd7 43. Bd3 g6 44. Rf6 1-0

[Event "Zalakaros op 23rd"]
[Site "Zalakaros"]
[Date "2004.05.14"]
[Round "1"]
[White "Porubszky Angyalosine, Maria A"]
[Black "Chernyshov, Konstantin"]
[Result "0-1"]
[WhiteElo "2152"]
[BlackElo "2556"]
[PlyCount "42"]
[EventDate "2004.05.14"]
[EventType "swiss"]
[EventRounds "9"]
[EventCountry "HUN"]
[SourceTitle "EXT 2008"]
[Source "ChessBase"]
[SourceDate "2007.11.25"]
[SourceVersion "1"]
[SourceVersionDate "2007.11.25"]
[SourceQuality "1"]

1. e4 c5 2. Nf3 Nc6 3. Nc3 d6 4. g3 g6 5. d4 cxd4 6. Nxd4 Bg7 7. Be3 Nf6 8. Bg2 Ng4 9. Nxc6 bxc6 10. Bc1 0-0 11. h3 Ne5 12. 0-0 Rb8 13. a3 Nc4 14. Qf3 Ba6 15. Re1 Nxb2 16. e5 Nc4 17. Qxc6 Nb6 18. exd6 Qxd6 19. Qxd6 exd6 20. Re3 Rfc8 21. Bd2 Nc4 0-1